| 000 | 00443nam a2200145Ia 4500 | ||
|---|---|---|---|
| 008 | 220216s9999 xx 000 0 und d | ||
| 100 | _aHong L T | ||
| 245 | 0 | _aPotential values of unused rubber effluent pond for storing rubberwood logs | |
| 260 | _bProceedings of the RRIM Rubber Growers Conference, Johore, 1987; p384-393 | ||
| 650 | _aRubber effluent | ||
| 650 | _aRubberwood | ||
| 700 | _aKheng C | ||
| 700 | _aTiong G L | ||
| 942 | _cJS | ||
| 999 |
_c65406 _d65406 |
||